[Event "DVM U12 2020"]
[Site "Magdeburg GER"]
[Date "2021.08.07"]
[Round "6"]
[White "Petzold, Johannes Julius"]
[Black "Felder, Aron"]
[Result "1-0"]
[Termination "normal"]
[Board "4.3"]
[WhiteElo "1104"]
[BlackElo "1058"]
[WhiteClock "00:16:50"]
[BlackClock "00:15:13"]
[WhiteTeam "Schachzwerge Magdeburg"]
[BlackTeam "SC Brandeck-Turm Ohlsbach e.V."]
[PlyCount "91"]
[WhiteFideId "16289455"]
[BlackFideId "16242734"]
[EventCountry "GER"]
[EventRounds "7"]
[EventType "team-swiss"]
[EventDate "2021.08.04"]

1. e4 {[%clk 01:30:58]} {[%emt 00:00:12]} d5 {[%clk 01:30:50]} {[%emt
00:00:06]} 2. exd5 {[%clk 01:31:26]} {[%emt 00:00:13]} Qxd5 {[%clk 01:31:04]}
{[%emt 00:00:35]} 3. Nc3 {[%clk 01:31:54]} Qd8 {[%clk 01:31:18]} 4. d4 {[%clk
01:32:19]} Nf6 {[%clk 01:31:26]} {[%emt 00:00:12]} 5. g3 {[%clk 01:32:15]}
{[%emt 00:01:55]} Bf5 {[%clk 01:30:43]} 6. Bg2 {[%clk 01:32:34]} {[%emt
00:00:13]} c6 {[%clk 01:30:29]} {[%emt 00:00:32]} 7. Nge2 {[%clk 01:32:35]}
{[%emt 00:02:51]} e6 {[%clk 01:29:01]} 8. O-O {[%clk 01:32:46]} {[%emt
00:00:34]} Be7 {[%clk 01:28:56]} 9. Bf4 {[%clk 01:32:10]} {[%emt 00:01:10]} O-O
{[%clk 01:27:41]} {[%emt 00:01:36]} 10. h3 {[%clk 01:32:16]} {[%emt 00:02:10]}
h6 {[%clk 01:27:01]} 11. Qd2 {[%clk 01:32:24]} Nbd7 {[%clk 01:19:46]} {[%emt
00:08:06]} 12. Rfe1 {[%clk 01:32:20]} Nb6 {[%clk 01:19:17]} {[%emt 00:00:58]}
13. g4 {[%clk 01:29:11]} {[%emt 00:05:42]} Bh7 {[%clk 01:19:25]} 14. Rad1
{[%clk 01:28:03]} Qd7 {[%clk 01:18:16]} {[%emt 00:05:09]} 15. Bg3 {[%clk
01:16:56]} {[%emt 00:08:05]} Rad8 {[%clk 01:15:02]} {[%emt 00:18:11]} 16. Kh1
{[%clk 01:13:30]} Rfe8 {[%clk 01:07:20]} 17. f4 {[%clk 01:11:43]} Kh8 {[%clk
00:55:18]} {[%emt 00:18:57]} 18. Rf1 {[%clk 01:06:26]} Rf8 {[%clk 00:51:35]}
{[%emt 00:03:41]} 19. a3 {[%clk 01:02:50]} {[%emt 00:03:59]} Nfd5 {[%clk
00:48:30]} {[%emt 00:05:41]} 20. Nxd5 {[%clk 01:01:22]} exd5 {[%clk 00:48:34]}
{[%emt 00:00:16]} 21. Rde1 {[%clk 00:57:06]} {[%emt 00:04:56]} Nc4 {[%clk
00:46:14]} {[%emt 00:05:57]} 22. Qc1 {[%clk 00:53:40]} {[%emt 00:00:39]} Rde8
{[%clk 00:44:27]} {[%emt 00:02:15]} 23. Nc3 {[%clk 00:50:37]} {[%emt 00:05:22]}
Bf6 {[%clk 00:41:52]} {[%emt 00:01:17]} 24. b3 {[%clk 00:48:46]} {[%emt
00:02:22]} Bxd4 {[%clk 00:38:04]} {[%emt 00:09:13]} 25. Nd1 {[%clk 00:35:14]}
{[%emt 00:11:06]} Nd6 {[%clk 00:36:33]} 26. c3 {[%clk 00:32:09]} {[%emt
00:10:04]} Bb6 {[%clk 00:36:27]} 27. Nf2 {[%clk 00:31:31]} Bc7 {[%clk
00:26:11]} {[%emt 00:11:50]} 28. f5 {[%clk 00:28:11]} Rxe1 {[%clk 00:21:54]}
{[%emt 00:02:47]} 29. Rxe1 {[%clk 00:28:25]} {[%emt 00:00:47]} Ne8 {[%clk
00:21:47]} {[%emt 00:00:05]} 30. Qe3 {[%clk 00:26:44]} {[%emt 00:03:18]} Bxg3
{[%clk 00:21:30]} 31. Qxg3 {[%clk 00:27:05]} g6 {[%clk 00:21:09]} {[%emt
00:02:27]} 32. fxg6 {[%clk 00:26:28]} Bxg6 {[%clk 00:21:10]} 33. Nd3 {[%clk
00:24:31]} {[%emt 00:02:35]} Nf6 {[%clk 00:18:48]} {[%emt 00:02:36]} 34. Nc5
{[%clk 00:22:55]} {[%emt 00:05:00]} Qc8 {[%clk 00:18:36]} 35. Qf4 {[%clk
00:22:39]} Kg7 {[%clk 00:17:46]} 36. Re7 {[%clk 00:20:02]} {[%emt 00:04:08]} b6
{[%clk 00:17:07]} 37. Ne6+ {[%clk 00:18:28]} {[%emt 00:03:52]} Qxe6 {[%clk
00:15:49]} 38. Rxe6 {[%clk 00:18:38]} {[%emt 00:01:10]} fxe6 {[%clk 00:16:10]}
39. Qc7+ {[%clk 00:20:25]} {[%emt 00:04:38]} Bf7 {[%clk 00:15:47]} 40. Qxa7
{[%clk 00:18:52]} h5 {[%clk 00:15:33]} 41. gxh5 {[%clk 00:18:15]} {[%emt
00:05:19]} Nxh5 {[%clk 00:15:55]} 42. Qxb6 {[%clk 00:18:26]} Bg6 {[%clk
00:16:00]} 43. Qxc6 {[%clk 00:18:00]} Nf4 {[%clk 00:16:18]} 44. Kh2 {[%clk
00:17:35]} Rf5 {[%clk 00:14:59]} {[%emt 00:00:22]} 45. a4 {[%clk 00:16:25]}
{[%emt 00:02:08]} Rg5 {[%clk 00:15:13]} {[%emt 00:00:04]} 46. Qc7+ {[%clk
00:16:50]} 1-0

[Event "DVM U12 2020"]
[Site "Magdeburg GER"]
[Date "2021.08.07"]
[Round "6"]
[White "Baihaghi, Aryana"]
[Black "Conrad, Marius"]
[Result "1-0"]
[Termination "normal"]
[Board "4.4"]
[WhiteElo "1057"]
[BlackElo "1498"]
[WhiteClock "01:00:51"]
[BlackClock "00:55:35"]
[WhiteTeam "SC Brandeck-Turm Ohlsbach e.V."]
[BlackTeam "Schachzwerge Magdeburg"]
[PlyCount "93"]
[WhiteFideId "34604960"]
[BlackFideId "16299078"]
[EventCountry "GER"]
[EventRounds "7"]
[EventType "team-swiss"]
[EventDate "2021.08.04"]

1. e4 e5 2. Nf3 {[%clk 01:30:43]} Nc6 {[%clk 01:30:36]} {[%emt 00:00:22]} 3.
Bc4 {[%clk 01:31:02]} {[%emt 00:00:55]} Bc5 {[%clk 01:30:57]} 4. c3 {[%clk
01:31:22]} Nf6 {[%clk 01:31:12]} 5. d3 {[%clk 01:31:37]} {[%emt 00:00:05]} d6
{[%clk 01:31:29]} {[%emt 00:02:25]} 6. a4 {[%clk 01:30:31]} a6 {[%clk
01:31:23]} {[%emt 00:01:10]} 7. O-O {[%clk 01:30:01]} Ba7 {[%clk 01:31:03]}
{[%emt 00:00:59]} 8. Nbd2 {[%clk 01:29:23]} {[%emt 00:00:52]} Be6 {[%clk
01:31:00]} {[%emt 00:01:13]} 9. Re1 {[%clk 01:29:12]} Bxc4 {[%clk 01:29:39]}
{[%emt 00:02:01]} 10. dxc4 {[%clk 01:29:31]} O-O {[%clk 01:29:17]} {[%emt
00:04:16]} 11. Nf1 {[%clk 01:29:24]} h6 {[%clk 01:29:13]} 12. Ng3 {[%clk
01:29:36]} Qd7 {[%clk 01:28:19]} 13. Nh4 {[%clk 01:28:37]} {[%emt 00:00:59]}
Ng4 {[%clk 01:27:05]} {[%emt 00:01:42]} 14. Be3 {[%clk 01:27:35]} {[%emt
00:01:31]} Nxe3 {[%clk 01:26:28]} {[%emt 00:01:16]} 15. fxe3 {[%clk 01:27:43]}
{[%emt 00:00:13]} Na5 {[%clk 01:26:10]} {[%emt 00:00:49]} 16. Nhf5 {[%clk
01:22:07]} {[%emt 00:06:49]} Qe6 {[%clk 01:23:31]} {[%emt 00:06:11]} 17. Qg4
{[%clk 01:19:45]} Qg6 {[%clk 01:23:11]} 18. Ne7+ {[%clk 01:20:03]} {[%emt
00:00:09]} Kh7 {[%clk 01:23:15]} {[%emt 00:00:56]} 19. Nxg6 fxg6 20. h4 {[%clk
01:19:03]} {[%emt 00:01:00]} Nxc4 {[%clk 01:23:02]} {[%emt 00:04:38]} 21. h5
{[%clk 01:18:33]} g5 {[%clk 01:22:47]} 22. Kh1 {[%clk 01:17:29]} Nxe3 {[%clk
01:22:08]} {[%emt 00:00:47]} 23. Rxe3 {[%clk 01:17:15]} {[%emt 00:00:35]} Bxe3
{[%clk 01:22:29]} {[%emt 00:00:12]} 24. Qe6 {[%clk 01:16:33]} {[%emt 00:02:06]}
Rf6 {[%clk 01:22:13]} 25. Qd7 {[%clk 01:16:37]} {[%emt 00:00:09]} Raf8 {[%clk
01:19:59]} {[%emt 00:02:44]} 26. Nf5 {[%clk 01:14:22]} {[%emt 00:02:46]} R8f7
{[%clk 01:19:03]} {[%emt 00:01:27]} 27. Ne7 {[%clk 01:13:31]} {[%emt 00:01:34]}
Rf4 {[%clk 01:16:23]} {[%emt 00:02:57]} 28. g3 {[%clk 01:12:40]} {[%emt
00:01:24]} Rxe4 {[%clk 01:11:03]} {[%emt 00:05:45]} 29. Qe8 {[%clk 01:12:02]}
{[%emt 00:01:07]} Rxe7 {[%clk 01:09:54]} {[%emt 00:01:42]} 30. Qxe7 {[%clk
01:12:22]} {[%emt 00:00:13]} Rg4 {[%clk 01:07:20]} {[%emt 00:04:11]} 31. Rf1
{[%clk 01:11:38]} Rxg3 {[%clk 01:05:59]} {[%emt 00:09:46]} 32. Qe6 {[%clk
01:11:17]} Bf4 {[%clk 01:05:28]} 33. Qf5+ {[%clk 01:10:40]} Kg8 {[%clk
01:05:03]} 34. Rg1 {[%clk 01:08:40]} Re3 {[%clk 01:03:44]} {[%emt 00:00:21]}
35. Qc8+ {[%clk 01:08:29]} {[%emt 00:01:04]} Kh7 {[%clk 01:03:44]} {[%emt
00:04:41]} 36. Qxb7 {[%clk 01:08:00]} Re2 {[%clk 01:02:44]} 37. Rf1 {[%clk
01:06:24]} Rh2+ {[%clk 00:59:56]} {[%emt 00:03:19]} 38. Kg1 {[%clk 01:06:17]}
{[%emt 00:01:09]} Rxh5 {[%clk 00:59:52]} {[%emt 00:00:12]} 39. Qxc7 {[%clk
01:04:01]} {[%emt 00:02:33]} g4 {[%clk 00:59:35]} {[%emt 00:00:49]} 40. Qxd6
{[%clk 01:02:03]} {[%emt 00:07:13]} g3 {[%clk 00:59:20]} 41. Qd5 {[%clk
01:01:11]} Rh2 {[%clk 00:58:07]} 42. Rxf4 {[%clk 01:00:50]} exf4 {[%clk
00:57:42]} {[%emt 00:01:02]} 43. Qe4+ {[%clk 01:00:37]} {[%emt 00:00:35]} Kh8
{[%clk 00:57:03]} {[%emt 00:01:48]} 44. Qxf4 {[%clk 01:00:55]} Rxb2 45. Qxg3
{[%emt 00:00:39]} Ra2 {[%clk 00:55:56]} {[%emt 00:01:15]} 46. Qb8+ {[%clk
01:00:51]} Kh7 {[%clk 00:55:35]} {[%emt 00:00:54]} 47. Qb1+ 1-0

[Event "DVM U12 2020"]
[Site "Magdeburg GER"]
[Date "2021.08.07"]
[Round "6"]
[White "Neumeier, Konstantin"]
[Black "Nhan, Jiehou"]
[Result "0-1"]
[Termination "normal"]
[Board "5.2"]
[WhiteElo "1097"]
[BlackElo "1428"]
[WhiteClock "00:56:24"]
[BlackClock "01:16:14"]
[WhiteTeam "SK Kelheim 1920"]
[BlackTeam "Schachvereinigung 1920 Plettenberg e. V."]
[PlyCount "92"]
[WhiteFideId "34608230"]
[BlackFideId "34608214"]
[EventCountry "GER"]
[EventRounds "7"]
[EventType "team-swiss"]
[EventDate "2021.08.04"]

1. e4 {[%clk 01:30:58]} e6 {[%clk 01:30:47]} 2. d4 {[%clk 01:31:22]} d5 {[%clk
01:31:08]} {[%emt 00:47:36]} 3. e5 {[%clk 01:26:07]} c5 {[%clk 01:30:34]} 4. c3
{[%clk 01:25:37]} Nc6 {[%clk 01:30:09]} 5. Nf3 {[%clk 01:23:37]} Qb6 {[%clk
01:29:54]} {[%emt 00:00:05]} 6. g3 {[%clk 01:18:37]} cxd4 {[%clk 01:29:20]} 7.
cxd4 {[%clk 01:18:47]} Nge7 {[%clk 01:28:58]} 8. Nc3 {[%clk 01:16:54]} Nf5
{[%clk 01:27:59]} {[%emt 00:00:08]} 9. Bb5 {[%clk 01:14:00]} Bd7 {[%clk
01:27:11]} 10. Be3 {[%clk 01:12:49]} Bb4 {[%clk 01:26:17]} 11. Qd3 {[%clk
01:11:22]} Nxe3 {[%clk 01:25:45]} {[%emt 00:00:59]} 12. fxe3 {[%clk 01:11:42]}
h6 {[%clk 01:24:48]} 13. O-O {[%clk 01:10:38]} Bxc3 {[%clk 01:24:19]} 14. bxc3
{[%clk 01:10:44]} {[%emt 00:00:04]} Nxe5 15. Nxe5 {[%clk 01:09:36]} Bxb5 {[%clk
01:23:23]} 16. c4 {[%clk 01:09:41]} dxc4 {[%clk 01:23:40]} 17. Nxc4 {[%clk
01:09:57]} {[%emt 00:00:05]} Qa6 {[%clk 01:22:43]} 18. Nd6+ {[%clk 01:09:32]}
Qxd6 {[%clk 01:23:02]} 19. Qxb5+ {[%clk 01:09:48]} Qc6 {[%clk 01:23:14]} 20.
Qh5 {[%clk 01:09:29]} O-O {[%clk 01:22:57]} 21. Rf4 {[%clk 01:08:43]} Qc3
{[%clk 01:20:14]} 22. Raf1 {[%clk 01:06:29]} Qxe3+ {[%clk 01:20:15]} 23. R1f2
{[%clk 01:06:33]} f5 {[%clk 01:19:33]} 24. Qg6 {[%clk 01:04:56]} Rf6 {[%clk
01:18:53]} 25. Qh5 {[%clk 01:05:03]} {[%emt 00:24:36]} Rc8 {[%clk 01:18:11]}
26. Kg2 {[%clk 01:01:09]} Rc4 {[%clk 01:17:22]} 27. Qe8+ {[%clk 01:00:47]} Rf8
{[%clk 01:16:46]} 28. Qd7 {[%clk 01:00:54]} {[%emt 00:03:49]} Rb4 {[%clk
01:14:25]} 29. d5 {[%clk 00:59:51]} Rxf4 {[%clk 01:14:00]} 30. Rxf4 {[%clk
01:00:10]} Qd2+ {[%clk 01:14:15]} 31. Kh3 {[%clk 00:59:14]} Qxd5 {[%clk
01:14:32]} {[%emt 00:00:04]} 32. Qa4 {[%clk 00:58:03]} g5 {[%clk 01:14:43]} 33.
Rd4 {[%clk 00:58:09]} g4+ {[%clk 01:15:01]} 34. Kh4 {[%clk 00:58:30]} {[%emt
00:00:04]} Qe5 {[%clk 01:15:24]} 35. Rxg4+ {[%clk 00:56:10]} fxg4 {[%clk
01:15:47]} 36. Qxg4+ {[%clk 00:56:24]} Qg5+ {[%clk 01:16:14]} 37. Qxg5+ hxg5+
{[%clk 01:16:14]} 38. Kxg5 e5 {[%clk 01:16:14]} 39. h4 e4 {[%clk 01:16:14]} 40.
h5 e3 {[%clk 01:16:14]} 41. h6 e2 {[%clk 01:16:14]} 42. Kg6 e1=Q {[%clk
01:16:14]} 43. h7+ Kh8 {[%clk 01:16:14]} 44. g4 Qe6+ {[%clk 01:16:14]} 45. Kg5
Kxh7 {[%clk 01:16:14]} 46. a4 Qh6# {[%clk 01:16:14]} 0-1

[Event "DVM U12 2020"]
[Site "Magdeburg GER"]
[Date "2021.08.07"]
[Round "6"]
[White "Selter, Julian André"]
[Black "Neumeier, Valentina"]
[Result "1-0"]
[Termination "normal"]
[Board "5.3"]
[WhiteElo "1391"]
[BlackElo "1189"]
[WhiteClock "00:46:36"]
[BlackClock "01:00:53"]
[WhiteTeam "Schachvereinigung 1920 Plettenberg e. V."]
[BlackTeam "SK Kelheim 1920"]
[PlyCount "99"]
[WhiteFideId "34608168"]
[BlackFideId "34608222"]
[EventCountry "GER"]
[EventRounds "7"]
[EventType "team-swiss"]
[EventDate "2021.08.04"]

1. e4 {[%clk 01:30:58]} e5 {[%clk 01:30:54]} {[%emt 00:00:13]} 2. Nf3 {[%clk
01:31:23]} Nc6 {[%clk 01:31:20]} {[%emt 00:04:08]} 3. d4 {[%clk 01:31:47]} exd4
{[%clk 01:31:46]} 4. Nxd4 {[%clk 01:32:12]} Nf6 {[%clk 01:31:40]} 5. Nc3 {[%clk
01:32:16]} Bb4 {[%clk 01:31:36]} 6. Nxc6 {[%clk 01:32:23]} {[%emt 00:00:04]}
bxc6 {[%clk 01:31:54]} 7. Bd3 {[%clk 01:32:01]} d5 {[%clk 01:31:32]} {[%emt
00:00:09]} 8. exd5 {[%clk 01:32:10]} {[%emt 00:00:14]} cxd5 {[%clk 01:31:41]}
{[%emt 00:00:22]} 9. O-O {[%clk 01:32:14]} {[%emt 00:05:33]} Bxc3 {[%clk
01:31:50]} 10. bxc3 {[%clk 01:32:29]} O-O {[%clk 01:30:50]} 11. Ba3 {[%clk
01:28:27]} {[%emt 00:01:53]} Re8 {[%clk 01:28:53]} {[%emt 00:08:53]} 12. Qd2
{[%clk 01:25:58]} Ne4 {[%clk 01:27:23]} 13. Bxe4 {[%clk 01:24:51]} Rxe4 {[%clk
01:23:56]} {[%emt 00:05:54]} 14. Rad1 {[%clk 01:24:28]} Bb7 {[%clk 01:22:33]}
{[%emt 00:00:40]} 15. Bb2 {[%clk 01:02:37]} {[%emt 00:31:25]} c6 {[%clk
01:19:03]} 16. Rfe1 {[%clk 00:56:33]} {[%emt 00:14:23]} Rh4 {[%clk 01:15:45]}
17. Re3 {[%clk 00:50:01]} Qg5 {[%clk 01:11:04]} {[%emt 00:42:00]} 18. Re8+
{[%clk 00:49:54]} Rxe8 {[%clk 01:10:27]} 19. Qxg5 {[%clk 00:50:02]} Rhe4 {[%clk
01:10:25]} 20. Qc1 {[%clk 00:50:22]} Ra4 {[%clk 01:04:39]} {[%emt 00:03:20]}
21. Re1 {[%clk 00:50:08]} Rd8 {[%clk 01:03:52]} 22. c4 {[%clk 00:48:37]} h6
{[%clk 01:01:54]} 23. cxd5 {[%clk 00:47:46]} cxd5 {[%clk 01:01:39]} {[%emt
00:00:10]} 24. Bxg7 Kxg7 {[%clk 01:01:09]} 25. Qb2+ {[%clk 00:46:36]} Kg6
{[%clk 01:00:53]} 26. Qxb7 Rxa2 27. Qb3 Ra5 28. Qd3+ f5 29. Qg3+ Kf7 30. Qc7+
Kf8 31. Qxd8+ Kg7 32. Qxa5 Kg6 33. Re6+ Kf7 34. Qc7+ Kxe6 35. Qxa7 Ke5 36. Qe3+
Kd6 37. Qxh6+ Kc5 38. Qd2 d4 39. h4 Kd6 40. Qxd4+ Ke6 41. Qg7 Kd6 42. h5 Ke6
43. h6 Kd5 44. h7 Kd6 45. h8=Q Kd5 46. Qe5+ Kc4 47. Qc8+ Kb4 48. Qb2+ Ka5 49.
Qa3+ Kb6 50. Qac5# 1-0

[Event "DVM U12 2020"]
[Site "Magdeburg GER"]
[Date "2021.08.07"]
[Round "6"]
[White "Sitnik, Arthur"]
[Black "Schmidt, Moritz"]
[Result "0-1"]
[Termination "normal"]
[Board "5.4"]
[WhiteElo "1051"]
[BlackElo "1454"]
[WhiteClock "00:40:13"]
[BlackClock "01:24:05"]
[WhiteTeam "SK Kelheim 1920"]
[BlackTeam "Schachvereinigung 1920 Plettenberg e. V."]
[PlyCount "46"]
[WhiteFideId "34608150"]
[BlackFideId "34603549"]
[EventCountry "GER"]
[EventRounds "7"]
[EventType "team-swiss"]
[EventDate "2021.08.04"]

1. e4 {[%clk 01:30:57]} {[%emt 00:10:22]} c6 {[%clk 01:30:51]} 2. d4 {[%clk
01:31:20]} d5 {[%clk 01:31:15]} 3. exd5 {[%clk 01:31:39]} cxd5 {[%clk
01:31:40]} 4. Bd3 {[%clk 01:31:36]} {[%emt 00:00:04]} Nc6 {[%clk 01:31:52]} 5.
c3 {[%clk 01:31:56]} Nf6 {[%clk 01:31:53]} 6. Nf3 {[%clk 01:31:48]} Bg4 {[%clk
01:31:44]} 7. h3 {[%clk 01:31:52]} {[%emt 00:00:04]} Bxf3 {[%clk 01:31:47]} 8.
Qxf3 {[%clk 01:32:02]} e6 {[%clk 01:31:49]} 9. O-O {[%clk 01:31:18]} e5 {[%clk
01:31:28]} 10. Re1 {[%clk 01:30:38]} Bd6 {[%clk 01:30:41]} 11. dxe5 {[%clk
01:23:15]} {[%emt 00:06:42]} Nxe5 {[%clk 01:30:19]} {[%emt 00:00:52]} 12. Bf4
{[%clk 01:22:44]} {[%emt 00:01:25]} Nfd7 {[%clk 01:29:57]} {[%emt 00:00:27]}
13. Qg3 {[%clk 01:21:28]} {[%emt 00:01:50]} O-O {[%clk 01:29:36]} {[%emt
00:00:47]} 14. Bxe5 {[%clk 01:20:13]} {[%emt 00:01:46]} Bxe5 {[%clk 01:29:35]}
{[%emt 00:10:11]} 15. f4 {[%clk 01:19:57]} Qb6+ {[%clk 01:29:22]} 16. Qf2
{[%clk 01:16:22]} Bxf4 {[%clk 01:29:11]} 17. b4 {[%clk 01:00:52]} {[%emt
00:20:21]} Rfe8 {[%clk 01:26:24]} 18. Rxe8+ {[%clk 00:57:37]} Rxe8 {[%clk
01:26:48]} 19. Qxb6 {[%clk 00:54:37]} {[%emt 00:02:50]} Nxb6 {[%clk 01:26:57]}
{[%emt 00:00:21]} 20. Na3 {[%clk 00:53:01]} {[%emt 00:20:57]} Rc8 {[%clk
01:26:17]} 21. Re1 {[%clk 00:51:27]} g6 {[%clk 01:26:09]} 22. Bb1 {[%clk
00:41:19]} Rxc3 {[%clk 01:24:59]} 23. Nb5 {[%clk 00:40:13]} Rc4 {[%clk
01:24:05]} {[%emt 00:00:29]} 0-1

[Event "DVM U12 2020"]
[Site "Magdeburg GER"]
[Date "2021.08.07"]
[Round "6"]
[White "Apel, Linus"]
[Black "Sinka, Silas"]
[Result "1-0"]
[Termination "normal"]
[Board "6.1"]
[WhiteElo "1475"]
[BlackElo "1344"]
[WhiteClock "01:31:40"]
[BlackClock "01:32:27"]
[WhiteTeam "USV Erfurt"]
[BlackTeam "SV Hellas Nauen e.V."]
[PlyCount "29"]
[WhiteFideId "16265785"]
[BlackFideId "16265823"]
[EventCountry "GER"]
[EventRounds "7"]
[EventType "team-swiss"]
[EventDate "2021.08.04"]

1. e4 {[%clk 01:30:55]} {[%emt 00:00:11]} e6 {[%clk 01:30:56]} 2. d4 {[%clk
01:31:08]} d5 {[%clk 01:31:22]} 3. Nc3 {[%clk 01:31:24]} Nf6 {[%clk 01:31:43]}
4. e5 {[%clk 01:31:42]} Nfd7 {[%clk 01:32:07]} 5. f4 {[%clk 01:31:51]} c5
{[%clk 01:32:31]} 6. Nf3 {[%clk 01:32:06]} Nc6 {[%clk 01:32:55]} 7. Ne2 {[%clk
01:31:24]} {[%emt 00:03:13]} cxd4 {[%clk 01:32:19]} 8. Nexd4 {[%clk 01:31:36]}
Bc5 {[%clk 01:32:27]} 9. c3 {[%clk 01:31:40]} a6 10. Bd3 {[%clk 01:31:40]} O-O
11. Bxh7+ {[%clk 01:31:40]} Kh8 12. Bc2 {[%clk 01:31:40]} Nxd4 13. cxd4 {[%clk
01:31:40]} Ba7 14. Ng5 {[%clk 01:31:40]} g6 15. Qg4 {[%clk 01:31:40]} 1-0

[Event "DVM U12 2020"]
[Site "Magdeburg GER"]
[Date "2021.08.07"]
[Round "6"]
[White "Vogt, Gianluca"]
[Black "Wagner, Anton"]
[Result "0-1"]
[Termination "normal"]
[Board "6.2"]
[WhiteElo "1160"]
[BlackElo "1406"]
[WhiteClock "00:28:15"]
[BlackClock "00:27:26"]
[WhiteTeam "SV Hellas Nauen e.V."]
[BlackTeam "USV Erfurt"]
[PlyCount "114"]
[WhiteFideId "34608117"]
[BlackFideId "34608095"]
[EventCountry "GER"]
[EventRounds "7"]
[EventType "team-swiss"]
[EventDate "2021.08.04"]

1. e4 {[%clk 01:30:59]} {[%emt 00:41:02]} e5 {[%clk 01:30:57]} 2. Nf3 {[%clk
01:31:19]} Nc6 {[%clk 01:31:23]} 3. d4 {[%clk 01:31:30]} exd4 {[%clk 01:31:47]}
4. Nxd4 {[%clk 01:31:53]} {[%emt 00:00:04]} Bc5 {[%clk 01:32:12]} 5. Be3 {[%clk
01:32:08]} Qf6 {[%clk 01:32:34]} 6. c3 {[%clk 01:32:24]} Nge7 {[%clk 01:32:24]}
7. Bc4 {[%clk 01:32:38]} {[%emt 00:00:12]} Bb6 {[%clk 01:32:31]} 8. O-O {[%clk
01:32:26]} O-O {[%clk 01:32:47]} 9. f4 {[%clk 01:30:34]} d6 {[%clk 01:27:26]}
{[%emt 00:00:04]} 10. f5 {[%clk 01:22:47]} Nxd4 {[%clk 01:24:46]} 11. cxd4
{[%clk 01:10:55]} Nc6 {[%clk 01:16:52]} 12. Kh1 {[%clk 00:58:35]} {[%emt
00:29:09]} Bxd4 {[%clk 01:16:00]} 13. Bxd4 {[%clk 00:53:40]} Qxd4 {[%clk
01:09:55]} 14. Qxd4 {[%clk 00:49:07]} {[%emt 00:35:18]} Nxd4 {[%clk 01:10:15]}
15. Bd3 {[%clk 00:47:24]} Re8 {[%clk 00:51:28]} 16. Nc3 {[%clk 00:44:23]} c6
{[%clk 00:41:03]} {[%emt 00:02:50]} 17. Rad1 {[%clk 00:39:58]} {[%emt
00:32:39]} Bd7 {[%clk 00:37:57]} 18. Bb1 {[%clk 00:38:14]} Nb5 {[%clk
00:36:22]} 19. Nxb5 {[%clk 00:36:29]} cxb5 {[%clk 00:36:43]} 20. Rxd6 {[%clk
00:36:41]} {[%emt 00:00:04]} Bc6 {[%clk 00:36:55]} 21. Rd4 {[%clk 00:34:48]}
Rad8 {[%clk 00:35:49]} 22. Rfd1 {[%clk 00:34:06]} Rxd4 {[%clk 00:35:16]} 23.
Rxd4 {[%clk 00:34:21]} {[%emt 00:05:35]} f6 {[%clk 00:34:01]} 24. a3 {[%clk
00:33:58]} Kf8 {[%clk 00:34:18]} 25. g3 {[%clk 00:32:20]} a6 {[%clk 00:34:07]}
26. Kg2 {[%clk 00:31:41]} Ke7 {[%clk 00:34:01]} {[%emt 00:00:04]} 27. Ba2
{[%clk 00:31:37]} Kf8 {[%clk 00:31:09]} 28. Kf3 {[%clk 00:31:31]} Re5 {[%clk
00:30:40]} 29. Kf4 {[%clk 00:30:58]} Ke7 {[%clk 00:27:31]} {[%emt 00:01:41]}
30. h4 {[%clk 00:28:38]} {[%emt 00:52:30]} h6 {[%clk 00:27:24]} 31. Kf3 {[%clk
00:28:02]} Ke8 {[%clk 00:27:11]} 32. h5 {[%clk 00:28:15]} Ke7 {[%clk 00:27:26]}
33. g4 Ke8 {[%clk 00:27:26]} 34. b4 Ke7 {[%clk 00:27:26]} 35. Kf4 Ke8 {[%clk
00:27:26]} 36. Bb3 Ke7 {[%clk 00:27:26]} 37. Bc2 Ke8 {[%clk 00:27:26]} 38. Bb3
Ke7 {[%clk 00:27:26]} 39. Ba2 Ke8 {[%clk 00:27:26]} 40. Rd6 Rxe4+ {[%clk
00:27:26]} 41. Kg3 Re3+ {[%clk 00:27:26]} 42. Kh4 Rxa3 {[%clk 00:27:26]} 43.
Re6+ Kd7 {[%clk 00:27:26]} 44. Re2 a5 {[%clk 00:27:26]} 45. Be6+ Kc7 {[%clk
00:27:26]} 46. bxa5 Rxa5 {[%clk 00:27:26]} 47. Bg8 b4 {[%clk 00:27:26]} 48.
Re7+ Kb6 {[%clk 00:27:26]} 49. Rxg7 Bd5 {[%clk 00:27:26]} 50. Bxd5 Rxd5 {[%clk
00:27:26]} 51. Rg6 b3 {[%clk 00:27:26]} 52. Rxf6+ Kc5 {[%clk 00:27:26]} 53. Rf8
Kd4 {[%clk 00:27:26]} 54. Ra8 b2 {[%clk 00:27:26]} 55. Ra4+ Kc3 {[%clk
00:27:26]} 56. Ra3+ Kb4 {[%clk 00:27:26]} 57. Ra7 b5 {[%clk 00:27:26]} 0-1